000 01108cab a2200349 4500
001 X1277
008 090401t1994 xxu||||| |||| 00| 0 eng d
035 _a(Sirsi) u15955
041 _aeng
245 _aLady Fox`s Exors v Inland Revenue Commissioners
260 _c1994
350 _a0
490 _aEstates Gazette Case Summaries
_v1994 EGCS 32 (26/2/94)
520 _aCA 9 February 1994. (Also cited as Gray v Inland Revenue Commissioners WB 3008-44).
650 _aPROPERTY-LANDLORD AND TENANT-TENANCIES-AGRICULTURAL TENANCIES
650 _aBROWN V INLAND REVENUE COMMISSIONERS
650 _aCAPITAL TRANSFER TAX
650 _aFARMING PARTNERSHIP
650 _aFARMLAND
650 _aFINANCE ACT 1975 S38
650 _aFREEHOLD INTEREST
650 _aFREEHOLD REVERSION
650 _aGRAY V INLAND REVENUE COMMISSIONERS
650 _aLADY FOXS EXORS V INLAND REVENUE COMMISSIONERS
650 _aPARTNERSHIP SHARE
650 _aVACANT POSSESSION VALUE
650 _aValuation
_96273
650 _aVALUE
690 _aTAXATION-CASE LAW
942 _n0
948 _c04/03/1997
999 _c10501
_d10501